[Event "SRB-chT 1st League CS"]
[Site "Banja Vrujci"]
[Date "2022.10.05"]
[Round "7.1"]
[White "Lazarevic, Slobodan"]
[Black "Stankovic, Boris"]
[Result "0-1"]
[WhiteElo "2159"]
[BlackElo "2172"]
[PlyCount "52"]
[EventDate "2022.10.01"]
[EventType "team-tourn"]
[EventRounds "11"]
[EventCountry "SRB"]
[SourceTitle "CBM 210 Extra"]
[Source "ChessBase"]
[SourceDate "2022.11.30"]
[SourceVersion "1"]
[SourceVersionDate "2022.11.30"]
[SourceQuality "1"]
[WhiteTeam "Nis Nais"]
[BlackTeam "Kostolac Rudar"]
[WhiteTeamCountry "SRB"]
[BlackTeamCountry "SRB"]

1. e4 c5 2. g3 Nc6 3. Bg2 g6 4. d3 Bg7 5. f4 e6 6. Nf3 Nge7 7. 0-0 0-0 8. c3 d6 9. Na3 Rb8 10. Nc2 b5 11. d4 b4 12. Rf2 bxc3 13. bxc3 Qa5 14. Qd2 Bd7 15. Ba3 Rfd8 16. Rd1 Nc8 17. dxc5 dxc5 18. Qe3 Nb6 19. Qxc5 Qa4 20. Qg5 Nc4 21. Be7 Nxe7 22. Qxe7 Bf8 23. Qf6 Bc5 24. Nfd4 Be8 25. Bf3 Rd7 26. Kg2 Be7 0-1

[Event "SRB-chT 1st League CS"]
[Site "Bajina Basta"]
[Date "2021.09.27"]
[Round "3.6"]
[White "Vuksanovic, Zvezdan"]
[Black "Lazarevic, Slobodan"]
[Result "1/2-1/2"]
[WhiteElo "2202"]
[BlackElo "2181"]
[PlyCount "111"]
[EventDate "2021.09.26"]
[EventType "team-tourn"]
[EventRounds "11"]
[EventCountry "SRB"]
[SourceTitle "EXT 2023"]
[Source "ChessBase"]
[SourceDate "2022.10.05"]
[SourceVersion "1"]
[SourceVersionDate "2022.10.05"]
[SourceQuality "1"]
[WhiteTeam "Kosovska Mitrovica"]
[BlackTeam "Nis Nais"]
[WhiteTeamCountry "SRB"]
[BlackTeamCountry "SRB"]

1. Nf3 Nf6 2. c4 c5 3. g3 d5 4. cxd5 Nxd5 5. Bg2 Nc6 6. 0-0 e5 7. d3 Be7 8. Nc3 Nc7 9. Be3 Bd7 10. Rc1 0-0 11. Qd2 Rc8 12. Ng5 b6 13. f4 f6 14. Nf3 exf4 15. Bxf4 Be6 16. Qd1 Qd7 17. Nd2 Nd4 18. Nde4 Kh8 19. Nd2 Nf5 20. Nf3 g5 21. Bd2 g4 22. Ne1 b5 23. e4 Nd4 24. b3 a5 25. Ne2 a4 26. Nxd4 Qxd4+ 27. Kh1 axb3 28. axb3 Qb2 29. Be3 Bxb3 30. Qxg4 Ne6 31. Rf2 Qe5 32. Nf3 Qd6 33. Bf1 Rg8 34. Qh3 Ng5 35. Nxg5 fxg5 36. Qh5 Be6 37. Qd1 h6 38. d4 cxd4 39. Rxc8 Rxc8 40. Qxd4+ Qxd4 41. Bxd4+ Kg8 42. Bxb5 Bc5 43. Bxc5 Rxc5 44. Bf1 Kg7 45. Kg2 Ra5 46. Bd3 Ra3 47. Bc2 Re3 48. Rd2 Kf6 49. Kf2 Rc3 50. Bd3 Ke5 51. Ke3 Bc4 52. Rd1 Ra3 53. Rd2 h5 54. h4 g4 55. Rd1 Rc3 56. Rd2 1/2-1/2

[Event "SRB-chT 2nd League East"]
[Site "Knic"]
[Date "2019.09.08"]
[Round "5.5"]
[White "Sundric, Dragan"]
[Black "Lazarevic, Slobodan"]
[Result "0-1"]
[WhiteElo "1997"]
[BlackElo "2214"]
[PlyCount "48"]
[EventDate "2019.09.06"]
[EventType "team-tourn"]
[EventRounds "11"]
[EventCountry "SRB"]
[SourceTitle "EXT 2020"]
[Source "ChessBase"]
[SourceDate "2019.10.17"]
[SourceVersion "1"]
[SourceVersionDate "2019.10.17"]
[SourceQuality "1"]
[WhiteTeam "Aleksinac"]
[BlackTeam "Nis Nais"]
[WhiteTeamCountry "SRB"]
[BlackTeamCountry "SRB"]

1. e4 c5 2. Nf3 Nc6 3. Bc4 g6 4. 0-0 Bg7 5. c3 e5 6. d3 d6 7. Ng5 Nh6 8. f4 Qe7 9. d4 Bd7 10. Na3 a6 11. Bd5 f6 12. Nf3 Be6 13. Qb3 Nd8 14. h3 Nhf7 15. fxe5 fxe5 16. dxe5 dxe5 17. Be3 0-0 18. Rad1 Rc8 19. Nc4 Bxd5 20. Rxd5 Ne6 21. Ncxe5 Nxe5 22. Nxe5 Rxf1+ 23. Kxf1 Bxe5 24. Rxe5 Qf6+ 0-1

[Event "SRB-chT2 East"]
[Site "Vrnjacka Banja"]
[Date "2015.10.09"]
[Round "8.65"]
[White "Ravic, Nenad"]
[Black "Lazarevic, Slobodan"]
[Result "1/2-1/2"]
[WhiteElo "2316"]
[BlackElo "2261"]
[PlyCount "75"]
[EventDate "2015.08.28"]
[EventType "team-tourn"]
[EventRounds "11"]
[EventCountry "SRB"]
[SourceTitle "EXT 2022"]
[Source "ChessBase"]
[SourceDate "2021.10.06"]
[SourceVersion "1"]
[SourceVersionDate "2021.10.06"]
[SourceQuality "1"]

1. e4 c5 2. Nf3 Nc6 3. d4 cxd4 4. Nxd4 Nf6 5. Nc3 e5 6. Ndb5 d6 7. Bg5 a6 8. Na3 Be6 9. Nc4 Rc8 10. Bxf6 gxf6 11. Nd5 f5 12. exf5 Bxf5 13. c3 Be6 14. Nce3 Bg7 15. Bd3 Bxd5 16. Nxd5 Ne7 17. Qg4 Nxd5 18. Qxg7 Qf6 19. Qxf6 Nxf6 20. Bf5 Rc5 21. 0-0-0 Ke7 22. Rhe1 a5 23. f4 h6 24. Rd2 Re8 25. g4 b5 26. Kb1 Rd5 27. Rxd5 Nxd5 28. fxe5 Kd8 29. e6 Nc7 30. e7+ Rxe7 31. Rxe7 Kxe7 32. Kc2 d5 33. Kb3 Na6 34. Bc8 Nc5+ 35. Ka3 Kd6 36. b4 axb4+ 37. Kxb4 Kc6 38. Bf5 1/2-1/2

[Event "YUG-chT"]
[Site "Nis"]
[Date "1995.??.??"]
[Round "?"]
[White "Dujkovic, Sinisa"]
[Black "Lazarevic, Slobodan"]
[Result "0-1"]
[WhiteElo "2315"]
[BlackElo "2295"]
[PlyCount "90"]
[EventDate "1995.??.??"]
[EventType "team-swiss"]
[EventRounds "11"]
[EventCountry "YUG"]
[SourceTitle "EXT 2000"]
[Source "ChessBase"]
[SourceDate "1999.11.16"]
[SourceVersion "1"]
[SourceVersionDate "1999.11.16"]
[SourceQuality "1"]

1. e4 c5 2. Nf3 Nc6 3. Bb5 g6 4. 0-0 Bg7 5. Bxc6 dxc6 6. d3 Nf6 7. h3 Nd7 8. Nc3 e5 9. Be3 Qe7 10. Qd2 Nf8 11. Bh6 f6 12. Bxg7 Qxg7 13. Ne2 Ne6 14. a3 0-0 15. b4 Rd8 16. Qc3 Qe7 17. Nd2 Nd4 18. Nxd4 cxd4 19. Qb2 g5 20. Rfd1 b6 21. c4 a5 22. bxa5 bxa5 23. Rdb1 a4 24. Qc2 Be6 25. Rb4 Ra7 26. Rab1 Rda8 27. Nf1 h5 28. Qe2 g4 29. hxg4 hxg4 30. Ng3 Qh7 31. Rb8+ Rxb8 32. Rxb8+ Kg7 33. Qb2 Kg6 34. Qb4 Qc7 35. c5 Qa5 36. Qb6 Qe1+ 37. Nf1 Rh7 38. Qb1 Qc3 39. Qd1 Qxa3 40. Re8 Qb3 41. Qd2 a3 42. Ra8 a2 43. f4 gxf3 44. gxf3 Rh5 45. f4 exf4 0-1

[Event "Nis op"]
[Site "Nis"]
[Date "1993.??.??"]
[Round "?"]
[White "Nikolic, Zivoslav"]
[Black "Lazarevic, Slobodan"]
[Result "0-1"]
[WhiteElo "2480"]
[BlackElo "2360"]
[PlyCount "64"]
[EventDate "1993.12.??"]
[EventType "swiss"]
[EventRounds "9"]
[EventCountry "YUG"]
[SourceTitle "EXT 1997"]
[Source "ChessBase"]
[SourceDate "1996.11.15"]
[SourceVersion "1"]
[SourceVersionDate "1996.11.15"]
[SourceQuality "1"]

1. c4 Nf6 2. Nc3 c5 3. g3 d5 4. cxd5 Nxd5 5. Bg2 Nc7 6. Nf3 Nc6 7. 0-0 e5 8. d3 Be7 9. Bd2 Bd7 10. Rc1 Rc8 11. Ne4 Ne6 12. Bh3 b6 13. Bc3 Ned4 14. Bg2 0-0 15. Ned2 Be6 16. b3 g6 17. Nc4 Qd7 18. Re1 Rfd8 19. Bb2 Bf8 20. Qd2 Nb4 21. Nxd4 cxd4 22. Ba3 Qb5 23. Red1 a5 24. Rb1 Qa6 25. Bc1 b5 26. Na3 Rc7 27. Qb2 Rdc8 28. Qa1 Nd5 29. Bxd5 Bxd5 30. Bb2 Bxa3 31. Bxa3 Rc2 32. Re1 Qe6 0-1